000 00418nam a2200157Ia 4500
008 210716s1979 xx 000 0 und d
020 _a044814302X
041 _aeng
082 _a374.22 PRIN
100 _aPritikin, Nathan;Mcgrady,Patrick M.
245 _aPritikin program for diet and exercise.
250 _a1
260 _aCanada
_bgrosset and dunlap
_c1979
300 _axxi,425
650 _aGeneral Knowledge
999 _c203219
_d203219